| 000 | 00534ntaaa2200193 4500 | ||
|---|---|---|---|
| 003 | 01 | ||
| 005 | 20251027202215.0 | ||
| 008 | 0714s1973 ag 01 | ||
| 040 |
_aAR-BaBN _bspa _cAR-BaBN _eaacr _dRIC |
||
| 082 | _a267.7000 D87 | ||
| 245 | _aGuía para los consejeros de los capítulos de la orden de los Embajadores del Rey | ||
| 250 | _a1 ed. | ||
| 260 |
_as.l., _c1950 |
||
| 300 | _a89 p | ||
| 500 | _aLibros retirada. No hay ninguna | ||
| 650 | _aEmbajadores del Rey | ||
| 650 |
_aUnión femenil misionera _917041 |
||
| 942 | _cBK | ||
| 999 |
_c16947 _d16947 |
||